Classiques Disney: Personnages Principaux - Statistiques

Statistiques générales
  • Ce quiz a été pris 381 fois
  • Le résultat moyen est 36 sur 53
Statistiques - réponses
Film Personnage % Correct
*******-***** et les sept nains Blanche-Neige
100%
La ***** et la Bête Belle
97%
***** au pays des merveilles Alice
96%
****** l'Enchanteur Merlin
96%
***** Pan Peter Pan
96%
Les aventures de ****** l'Ourson Winnie l'Ourson
96%
****** l'Ourson Winnie l'Ourson
96%
***** des Bois Robin
95%
La Petite Sirène Ariel
93%
*** et Roucky Rox
93%
Le Roi Lion Simba
93%
**** et Stitch Lilo
92%
Les aventures de ******* et Bianca Bernard
91%
Les aventures de ******* et Bianca au pays des Kangourous Bernard
91%
Le Livre de la Jungle Mowgli
90%
C******** Cendrillon
88%
La Reine des Neiges Anna
87%
La Reine des Neiges 2 Anna
87%
La Belle au bois dormant Aurore
87%
D**** Dumbo
84%
**********, la légende indienne Pocahontas
83%
H****** Hercule
81%
*****, L'Empereur Mégalo Kuzco
79%
La Princesse et la Grenouille Tiana
79%
Les Mondes de ***** Ralph Lacasse
78%
***** 2.0 Ralph Lacasse
78%
Le Bossu de Notre-Dame Quasimodo
77%
B**** Bambi
76%
****, Star malgré lui Volt
74%
A****** Aladdin
72%
******, la légende du bout du monde Vaiana
72%
***** Détective Privé Basil
69%
M**** Mulan
69%
Les Aristochats Duchesse
66%
****** et Compagnie Oliver
66%
**** et le Dernier Dragon Raya
66%
La Belle et le Clochard Lady
62%
***** et le Chaudron Magique Taram
62%
R******* Raiponce
58%
Les 101 Dalmatiens Pongo
57%
Zootopie Judy Hopps
54%
Encanto, la Fantastique Famille Madrigal Mirabel Madrigal
49%
T***** Tarzan
48%
********* Pinocchio
46%
Les Nouveaux Héros Hiro Hamada
31%
Atlantide, l'Empire Perdu MiloTatch
27%
La Planète au Trésor: Un nouvel univers Jim Hawkins
24%
Frères des ours Kenaï
20%
Dinosaure Aladar
13%
******* ****** Chicken Little
12%
La Ferme se rebelle Maggie
11%
Bienvenue chez les Robinson Lewis
10%
Avalonia, l'étrange voyage Searcher Clade
6%
Aucun quiz correspondant
Distribution des résultats
% des personnes avec chaque résultat
Percentile par nombre de réponses
Votre historique - résultats
Vous n’avez pas pris ce quiz